书目信息 |
| 题名: |
音响工程设计与实例
|
|
| 作者: | 周锡韬 , 彭妙颜 , 王恒 编著 | |
| 分册: | ||
| 出版信息: | 北京 人民邮电出版社 2000 |
|
| 页数: | 526页 | |
| 开本: | 26cm | |
| 丛书名: | ||
| 单 册: | ||
| 中图分类: | TN912.1 | |
| 科图分类: | ||
| 主题词: | 语音数据处理 , 电声技术 | |
| 电子资源: | ||
| ISBN: | 7-115-08451-3 | |
| 000 | 00692nam0 2200217 450 | |
| 001 | 0735592734 | |
| 005 | 20070906095312.73 | |
| 010 | @a7-115-08451-3@d¥42.00 | |
| 100 | @a20070906d km y0chiy0120 ea | |
| 101 | 0 | @achi |
| 200 | 1 | @a音响工程设计与实例@Ayin xiang gong cheng she ji yu shi li@f彭妙颜,王恒,周锡韬等编著@Fpeng miao yan,wang heng,zhou xi tao deng bian zhu |
| 210 | @a北京@c人民邮电出版社@d2000 | |
| 215 | @a526页@d26cm | |
| 606 | 0 | @a语音数据处理 |
| 606 | 0 | @a电声技术 |
| 690 | @aTN912.1@v3 | |
| 701 | 0 | @a周锡韬@Azhou xi tao@4编著 |
| 701 | 0 | @a彭妙颜@Apeng miao yan@4编著 |
| 701 | 0 | @a王恒@Awang heng@4编著 |
| 801 | 0 | @aCN@bPFT@c20070906 |
| 905 | @a213230@dTN912.1@eP16@f1 | |
| 音响工程设计与实例/彭妙颜,王恒,周锡韬等编著.-北京:人民邮电出版社,2000 |
| 526页;26cm |
| ISBN 7-115-08451-3:¥42.00 |
| ● |
| 相关链接 |
|
|
|
|
正题名:音响工程设计与实例
索取号:TN912.1/P16
 
预约/预借
| 序号 | 登录号 | 条形码 | 馆藏地/架位号 | 状态 | 备注 |
| 1 | 7200613 | 272006134 | 密集书库-物理学院/ [索取号:TN912.1/P16] | 在馆 |